Muestra literaria de la quinta región Valparaíso: catálogo de autores y títulos

Saved in:
Bibliografiske detaljer
Hovedforfatter: Johnson Bordalí, Carlos (Author)
Format: Bog
Sprog:spansk
Udgivet: Valparaíso Puntángeles 2002
Fag:
Tags: Tilføj Tag
Ingen Tags, Vær først til at tagge denne postø!

MARC

LEADER 00000nam a2200000 a 4500
001 UCM8548
003 CL-VaPUC
008 030321e20020800CL |||||||||||||||||spa|d
082 0 4 |a Ch868  |b JOH  |2 21 
100 0 |a Johnson Bordalí, Carlos  |e author  |9 474627 
245 1 0 |a Muestra literaria de la quinta región Valparaíso: catálogo de autores y títulos 
300 |a 73 p 
942 |c BK 
945 |d 20030321 00:00:00  |a vberengu 
260 |a Valparaíso  |b Puntángeles  |c 2002 
650 7 |a ESCRITORES CHILENOS - CATALOGO  |2 CL-VaPUC  |9 474628 
650 7 |a LITERATURA CHILENA - CATALOGO  |2 CL-VaPUC  |9 474629 
583 |a last modification  |c 20030321 00:00:00  |k Rodrigo Vera 
999 |c 303021  |d 303019 
952 |0 0  |1 0  |4 0  |6 CH_868_000000000000000_JOH_2002  |7 0  |8 A  |9 363936  |a BIBEDU  |b BIBEDU  |d 2019-11-21  |i 3871177  |o Ch868 JOH 2002  |p 3871177  |r 2019-11-21  |w 2019-11-21  |y BK  |k LIT